Directores: artes escénicas
Na minha lista:
| Autor principal: | |
|---|---|
| Formato: | Livro |
| Idioma: | espanhol |
| Publicado em: |
Barcelona
Océano
2003
|
| Assuntos: | |
| Tags: |
Adicionar Tag
Sem tags, seja o primeiro a adicionar uma tag!
|
MARC
| LEADER | 00000nam a2200000 a 4500 | ||
|---|---|---|---|
| 001 | UCL7723 | ||
| 003 | CL-VaPUC | ||
| 005 | 20231207142206.0 | ||
| 008 | 040528e20030000SP |||||||||||||||||spa|d | ||
| 999 | |c 309346 |d 309344 | ||
| 020 | |a 8449424062 | ||
| 040 | |c Pontificia Universidad Católica de Valparaíso | ||
| 082 | 0 | 4 | |a 792.0233 |b IRV |2 21 |
| 100 | 0 | |a Irvin, Polly |e author |9 485633 | |
| 245 | 1 | 0 | |a Directores: artes escénicas |
| 260 | |a Barcelona |b Océano |c 2003 | ||
| 300 | |a 176 p | ||
| 583 | |a last modification |c 20040528 00:00:00 |k Rodrigo Vera | ||
| 600 | 0 | 7 | |a BARBA, EUGENIO |2 CL-VaPUC |9 485634 |
| 600 | 0 | 7 | |a DONNELLAN, DECLAN |2 CL-VaPUC |9 485635 |
| 600 | 0 | 7 | |a Kentridge, William |d 1955- |9 859108 |
| 600 | 0 | 7 | |a LEPAGE, ROBERT |2 CL-VaPUC |9 485637 |
| 600 | 0 | 7 | |a MCBURNEY, SIMON |2 CL-VaPUC |9 485638 |
| 600 | 0 | 7 | |a NINAGAWA, YUKIO |2 CL-VaPUC |9 485639 |
| 600 | 0 | 7 | |a NUNN, TREVOR |2 CL-VaPUC |9 485640 |
| 600 | 0 | 7 | |a STEIN, PETER |2 CL-VaPUC |9 485641 |
| 600 | 0 | 7 | |a TANVIR, HABIB |2 CL-VaPUC |9 485642 |
| 600 | 0 | 7 | |a TAYMOR, JULIE |2 CL-VaPUC |9 485643 |
| 600 | 0 | 7 | |a WILSON, ROBERT |2 CL-VaPUC |9 485644 |
| 650 | 0 | |a Teatro |9 265385 | |
| 650 | 7 | |a PRODUCCION TEATRAL |2 CL-VaPUC |9 362559 | |
| 650 | 0 | |a Artes escénicas |9 318853 | |
| 650 | 7 | |a DIRECTORES DE TEATRO |2 CL-VaPUC |9 485645 | |
| 852 | |a BIBCUR | ||
| 942 | |c BK |2 ddc | ||
| 945 | |d 20040528 00:00:00 |a cmena | ||
| 952 | |0 0 |1 0 |4 0 |6 792_023300000000000_IRV_2003 |7 0 |8 A |9 376773 |a BIBARQ |b BIBARQ |d 2019-11-21 |i 4019008 |o 792.0233 IRV 2003 |p 4019008 |r 2025-01-20 |w 2019-11-21 |y BK |k ARQ | ||